000 00331nam a22001457a 4500
008 221007b ||||| |||| 00| 0 eng d
020 _a1556644302
041 _aeng
080 _2fifth edition
_a610.73
082 _a610.73 LEW
100 _a9
101 _aINF
245 _aMEDICAL SURGICAL NURSING
_cLEWIS
942 _2udc
_cBK
999 _c58418
_d58418